Hurt You - The Weeknd Lyrics - Statistics

General Stats
  • This quiz has been taken 170 times
  • The average score is 150 of 179
Answer Stats
Hint Lyrics % Correct
I
100%
you
100%
You
100%
hurt
98%
I'm
94%
Verse2 When
94%
don't
91%
don't,
91%
me
91%
your
91%
all
89%
'Cause
89%
wanna
89%
wanna,
89%
Verse1 And
87%
and
87%
know
87%
my
87%
so
87%
the
87%
to
87%
from
85%
stay
85%
up,
85%
up
85%
with
85%
call
83%
enemy
83%
away
81%
man
81%
time
81%
try
81%
warning
81%
you're
81%
eyes
80%
if
80%
If
80%
nights
80%
now
80%
on
80%
want
80%
every
78%
f*ckin'
78%
fuckin'
78%
heart
78%
I'll
78%
see?
78%
think
78%
about
76%
between
76%
Can't
76%
Girl,
76%
life
76%
make
76%
meet
76%
Not
76%
of
76%
relationship's
76%
void
76%
again,
74%
again
74%
alone
74%
alone,
74%
But
74%
close
74%
fill
74%
takin'
74%
waste
74%
him,
72%
it's
72%
thought
72%
upset
72%
dryin'
70%
myself
70%
weak
70%
Just
69%
legs
69%
love
69%
put
69%
sight
69%
slept
59%
ooh
57%
baby
52%
Pre-C That
52%
come
50%
No matching quizzes found
Score Distribution
Percent of People with Each Score
Percentile by Number Answered
Your Score History
You have not taken this quiz